| 000 | 01483nam0a2200325 4500 | ||
|---|---|---|---|
| 001 | RU\NLR\BIBL_A\022756861 | ||
| 005 | 20260408234135.0 | ||
| 035 | _a(NLR Aleph) 022756861 | ||
| 090 |
_a13644214 _c13644214 |
||
| 100 | _a20260317d1861 u y0rusy50 ca | ||
| 101 | 0 | _arus | |
| 102 | _aRU | ||
| 105 | _ak z 000yy | ||
| 181 | 0 |
_ai _b xxe |
|
| 182 | 0 | _an | |
| 200 | 1 |
_aРазсчетная книжка _e[выданная, на основании Высочайше утвержденных в 31 день марта 1861 года правил о найме рабочих, подрядчиком _eформа для заполнения] |
|
| 203 |
_aТекст _bвизуальный _cнепосредственный |
||
| 210 |
_aС. Петербург [Санкт-Петербург] _cТипография Министерства Государственных Имуществ _dцензура 1861 |
||
| 215 |
_a28 с. _cбланки _d21 |
||
| 309 | _aБез тит. л. Описано по обл. | ||
| 518 | 1 | _aРасчетная книжка | |
| 606 |
_aРасчетные книжки _yРоссия _3RU\NLR\AUTH\6601767711 _92701060 |
||
| 686 | 3 | _aХ879(2)1 | |
| 712 | 0 | 1 |
_4475 _aРоссия _bМинистерство государственных имуществ _bТипография _9724514 _3RU\NLR\AUTH\880531209 |
| 852 |
_aNLR _j18.91.1.66 |
||
| 942 | _cBOOK | ||
| 980 | _aNB | ||